000 00558nam a2200205Ia 4500
001 9671
003 GE_BSU
008 181216s||||||||xx |||||||||||||| ||und||
040 _cGE_BSU
080 _a821.353.1–1
100 _aნადირაძე,ნიკოლოზ
245 _aლექსები.წ.2
245 _cრედ.დ.ბენაშვილი
260 _aთბილისი
260 _bფედერაცია
260 _c1939
300 _a130გვ.15სმ.
653 _aლექსები
942 _cBK
999 _c42955
_d42955